00421cam a22001811 4500001000800000005001700008008004100025010001700066035001800083040002700101041000800128080001700136082001700153100000700170101000800177245002400185504003000209694661620180115094528.0721017s1948 dcuac b 000 0beng  a 48002544  a(OCoLC)445559 aDLCcODaWUdOCoLCdDLC aeng a923.673 QUA a923.673 QUA1 a16 aHIS10aFrederick Douglass. aBibliography: p. 351-362.